| 000 | 01038cab a2200217 4500 | ||
|---|---|---|---|
| 001 | ABS68741 | ||
| 008 | 050214n2005 000 0 eng u | ||
| 035 | _a(Sirsi) u128774 | ||
| 100 | _aMarrs, C. | ||
| 245 | _aBritain taps into USA's housing design code | ||
| 260 | _c2005 | ||
| 490 |
_aAxis _v58(6) January/February 2005, 12-13 (2) |
||
| 520 | _aDesign codes as strict planning rules are being piloted in the UK by the ODPM as a route to better urban design and to the speeding up of housing development in urban areas. Looks at this approach, which has its origins in the new urbanist architectural movement in the USA. New urbanism aims to control sprawl development while maintaining permeability, allowing greater freedom of movement. Reviews the virtues and defects of new urbanism and provides a timeline of British urbanism. | ||
| 590 | _aABS | ||
| 650 | _aDESIGN QUALITY | ||
| 650 | _aRESIDENTIAL DEVELOPMENT | ||
| 650 | _aURBAN DESIGN | ||
| 650 | _aPLANNING PROCESS | ||
| 690 | _aHOUSING-DEVELOPMENT | ||
| 942 | _n0 | ||
| 999 |
_c74796 _d74796 |
||